| 000 | 00869nam a22002417a 4500 | ||
|---|---|---|---|
| 005 | 20180224105617.0 | ||
| 010 | _aBAC-EN21 ENG-111630 B-663925 | ||
| 020 |
_a9781471128240 _c350.00 |
||
| 035 | _aEN-95162 | ||
| 035 | _aB-583191-206 | ||
| 035 | _aB-663925 | ||
| 037 |
_adpl _bPansy Books/Ven |
||
| 037 | _aDBAD/PUB | ||
| 082 | _aN | ||
| 100 | _aSwarup,Vikas | ||
| 245 |
_aThe accidental apprentice / _cby Vikas Swarup |
||
| 260 |
_aLondon _bSimon & Schuster _c2013 |
||
| 270 |
_a222 Gray's Inn Road _bLondon _eWC1X 8HB |
||
| 300 |
_a436p. _c22cm(pbk) |
||
| 942 |
_2ddc _cEN _mSWA _hN |
||
| 999 |
_c89380 _d89380 |
||